00768nam a22002417a 450000500170000001000130001702000240003003500130005403700160006704000120008308200160009524501140011124600060022526000410023127000490027230000340032150000510035565000190040665000390042570000220046470000200048670000200050620170124110242.0 aA-943446 c3000.00a8185026378 aA-943446 bCen Lib/Ret aDPLbEN a954.41bBOM aBombay to Mumbai : cedited by Pauline Rohatgi, Pheroza Godrej [and] Rahul Mehrotrabchanging perspectives / b  aNew Delhi bMarg Publications c1997 bNew Delhia148, Mhatama gandhi road e400001 a324p. :c33cm(Hb)bill.emaps aIncludes bibliographical references and index  aMumbai (India) aMumbai (India) -- Pictorial works. aRohatgi, Pauline  aGodrej, Pheroza aMehrotra, Rahul